000 00607nam a2200229Ia 4500
001 8843
005 20240113234136.0
007 ta
008 050721s 195 a g b000 u eng u
040 _aCotton College,Assam
041 _aeng
082 _a822.91
_bM 732 Ei
100 _aMoliere, .
245 0 _aEight Plays By Moliere /
_cMoliere.
_hTextual Documents
250 _a1st ed. /
260 _aNew York :
_bThe Modern Library ,
_cC 1957.
300 _axv, 397p. :
_bill. ;
_c18cm. .
653 _aEnglish drama-Collection
942 _2ddc
_cBK
999 _c8830
_d8830